Project Zomboid General Trivia - Statistics

General Stats
  • This quiz has been taken 4 times
  • The average score is 19 of 26
Answer Stats
Hint Answer % Correct
Smallest town, not a whole lot to note besides a gas station and auto repair shop Echo Creek
100%
What state does the game take place in Kentucky
100%
What is the most helpful television program Life and Living
100%
Single handedly the biggest city in game Louisville
100%
Grew as an army town, but now welcome folks from all walks of life. "Gateway to gold" is the town motto Muldraugh
100%
A town along the river Riverside
100%
Most popular starting town Rosewood
100%
What tool is notoriously impossible to find Sledgehammer
100%
Most northwestern town you can spawn in with normal settings Westpoint
100%
When did people begin to fall sick to the aerial strain 7/15/93
75%
Date which the game starts (m/d/y) 7/9/93
75%
What was the male protagonist of the demo named Bob
75%
Northeastern town known for its rich steamboat history, still recovering from tornado damage Brandenburg
75%
What event is infamous for stirring mass amounts of infected and directing them towards the player Helicopter event
75%
Southeastern town known for its speedway Irvington
75%
What was his wife's name Kate
75%
What is the widely popular fast food chain that many suspect was the cause of the infection Spiffos
75%
What is the default range for when the power and water can shut off 0-30 days
50%
Most popular starting occupation Burglar
50%
Westernmost town situated between Irvington and Brandenburg Ekron
50%
Who was the general sent to overlook the containment measures of the Knox infection John McGrew
50%
What is the infection called Knox Infection
50%
A small town meant to house members of the military and their families March Ridge
50%
What is the hardest challenge mode A Really CD DA
25%
A wild western themed tourist attraction town Coalfield
25%
where in the state does the game take place in Knox Country
25%
No matching quizzes found
Score Distribution
Percent of People with Each Score
Percentile by Number Answered
Your Score History
You have not taken this quiz